[Event "FIDE World Rapid Team"]
[Site "London ENG"]
[Date "2025.06.13"]
[Round "9.6"]
[White "Arakhamia-Grant, Ketevan"]
[Black "Sharshenbekov, Emir"]
[Result "1-0"]
[WhiteElo "2267"]
[BlackElo "2265"]
[EventDate "2025.06.11"]
[Board "4"]

1. e4 e6 2. d4 d5 3. Nc3 Bb4 4. e5 c5 5. a3 Bxc3+ 6. bxc3 Ne7 7. Nf3 Nbc6
8. h4 h5 9. Bd3 Bd7 10. O-O Qa5 11. Qd2 c4 12. Be2 Nf5 13. a4 Nce7 14. Ba3
Bxa4 15. Qg5 Nc6 16. Bb4 Nxb4 17. cxb4 Qb5 18. c3 Qd7 19. Nh2 Bb5 20. g3
Qe7 21. Qf4 a6 22. Nf3 O-O-O 23. Rfe1 b6 24. Bd1 Kb7 25. Bc2 Nh6 26. Ng5
Rdf8 27. Qf3 Ng4 28. Qe2 Bd7 29. Bd1 Re8 30. Qa2 Ra8 31. Bf3 b5 32. Qe2 Nh6
33. Bxh5 Rae8 34. Bf3 Bc8 35. Bg2 Kb8 36. Qd2 Qc7 37. Ra2 f6 38. Nf3 Nf7
39. Qe3 Rhg8 40. Rae2 Qd8 41. Bh3 f5 42. Ng5 Nxg5 43. Qxg5 Qxg5 44. hxg5
Rh8 45. Bg2 a5 46. bxa5 b4 47. cxb4 Bd7 48. b5 Ka7 49. Rb1 Rb8 50. b6+ Ka6
51. Ra2 g6 52. f4 Rb7 53. Bf3 Ra8 54. Kf2 Rbb8 55. Ke3 Kb7 56. Kd2 Ra6 57.
Kc3 Rba8 58. Rba1 Kc6 59. Kb4 Kb7 60. Ra3 Rc8 61. Rh1 c3 62. Rxc3 Rxc3 63.
Kxc3 Rxa5 64. Rh7 Kc6 65. b7 Rb5 66. Bd1 Kxb7 67. Rxd7+ 1-0

[Event "FIDE World Rapid Team"]
[Site "London ENG"]
[Date "2025.06.13"]
[Round "9.6"]
[White "Lesbekova, Assel"]
[Black "Atlas, Dmitry"]
[Result "1-0"]
[WhiteElo "2004"]
[BlackElo "2107"]
[EventDate "2025.06.11"]
[Board "5"]

1. e4 e6 2. Qe2 Be7 3. d4 d5 4. e5 c5 5. c3 Nc6 6. Qg4 g6 7. Bb5 Qb6 8. a4
a6 9. Bxc6+ bxc6 10. a5 Qb5 11. dxc5 Bxc5 12. b4 Bf8 13. Na3 Qd3 14. Qf3
Qxf3 15. Nxf3 Bd7 16. Be3 Ne7 17. Bc5 Nf5 18. Kd2 h5 19. g3 Rb8 20. Rab1
Bxc5 21. bxc5 Ke7 22. Rb6 Rxb6 23. axb6 Bc8 24. Nc2 Bb7 25. Ra1 Kd7 26. Nb4
Ra8 27. Ra5 Ke7 28. Ne1 g5 29. Ned3 f6 30. Na2 d4 31. c4 h4 32. g4 Nh6 33.
exf6+ Kxf6 34. f3 Nf7 35. h3 Ne5 36. Nxe5 Kxe5 37. Nc1 Kf4 38. Ne2+ Kxf3
39. Nxd4+ Kg2 40. Ra3 Rd8 41. Kc3 Re8 42. Kc2 e5 43. Nf5 e4 44. Kd2 Kf2 45.
Re3 Re5 46. Nd6 Rxc5 47. Nxe4+ 1-0

[Event "FIDE World Rapid Team"]
[Site "London ENG"]
[Date "2025.06.13"]
[Round "9.6"]
[White "Mindru, Valeriu"]
[Black "Zhunusbekova, Aimonchok"]
[Result "1/2-1/2"]
[WhiteElo "1840"]
[BlackElo "1716"]
[EventDate "2025.06.11"]
[Board "6"]

1. d4 Nf6 2. Nf3 e6 3. e3 b6 4. Bd3 Bb7 5. Nbd2 d5 6. b3 Bd6 7. Bb2 Nbd7 8.
O-O O-O 9. Ne5 Ne4 10. f3 Nxd2 11. Qxd2 Bxe5 12. dxe5 c5 13. f4 a6 14. a4
Re8 15. Qe2 Qc7 16. Qg4 c4 17. Be2 cxb3 18. cxb3 Qc2 19. Bd4 Qg6 20. Qxg6
hxg6 21. Rfc1 Rec8 22. b4 f6 23. Bd3 Kf7 24. Kf2 g5 25. fxg5 Nxe5 26. Be2
Nd7 27. gxf6 gxf6 28. Bg4 Rc4 29. Rxc4 dxc4 30. Rc1 b5 31. a5 Nb8 32. Rd1
Bd5 33. Bc5 Nc6 34. Bf3 Bxf3 35. Rd7+ Ke8 36. Rg7 Ne5 37. gxf3 c3 38. Ke2
c2 39. Kd2 Nxf3+ 40. Kxc2 Rc8 41. h3 Ng5 42. h4 Ne4 43. Re7+ Kd8 44. Rxe6
Nxc5 45. bxc5 Rxc5+ 46. Kd3 Rd5+ 47. Ke4 Rh5 48. Rxf6 Rxh4+ 49. Kd3 Ra4 50.
Rxa6 Ra3+ 51. Kd4 b4 52. Ra7 b3 53. e4 Kc8 54. a6 b2 55. Rb7 Rxa6 56. Rxb2
Kd7 57. Rb5 Ra1 58. Ke5 Re1 59. Rb7+ Kc6 60. Ra7 Rf1 61. Ke6 Rh1 62. e5
Rh6+ 63. Kf5 Rh5+ 64. Kf6 Rh6+ 65. Kg5 Rh1 66. Rf7 Kd5 1/2-1/2

[Event "FIDE World Rapid Team"]
[Site "London ENG"]
[Date "2025.06.13"]
[Round "9.7"]
[White "Zakarian, David"]
[Black "Gan-Erdene, Sugar"]
[Result "1/2-1/2"]
[WhiteElo "2277"]
[BlackElo "2433"]
[EventDate "2025.06.11"]
[Board "1"]

1. e4 c5 2. Nf3 d6 3. Bb5+ Nd7 4. d4 cxd4 5. Qxd4 a6 6. Bxd7+ Bxd7 7. c4 e5
8. Qd3 b5 9. Nc3 bxc4 10. Qxc4 Be6 11. Qc6+ Bd7 12. Qc4 Qc8 13. Qd3 Qb7 14.
O-O Bb5 15. Nxb5 Qxb5 16. Qc2 h6 17. Rd1 Nf6 18. b3 Qb7 19. Ba3 Rc8 20. Qd3
Nxe4 21. Re1 Nc5 22. Qe3 Be7 23. Rac1 O-O 24. Nxe5 dxe5 25. Bxc5 Bg5 26.
Qxe5 Bxc1 27. Rxc1 Rfe8 28. Qc3 Qd5 29. g3 h5 30. h4 Rxc5 31. Qxc5 Re1+ 32.
Rxe1 Qxc5 33. a4 a5 34. Re3 g6 35. Kg2 Kg7 36. Kg1 Kf6 37. Kg2 Qc6+ 38. Kg1
Kf5 39. Kh2 f6 40. Rd3 g5 41. hxg5 fxg5 42. Re3 h4 43. gxh4 gxh4 44. Rh3
Kg4 45. Re3 Kf4 46. Rh3 Qg6 47. Re3 Qf5 48. Kg2 Qd5+ 49. Kh2 Qd1 50. Kg2
Qb1 51. Rf3+ Kg4 52. Re3 Qc2 53. Rh3 Qc6+ 54. Kh2 Kf4 55. Re3 Qc2 56. Kg2
Qd1 57. Rh3 Qg4+ 58. Kh2 Qg6 59. Re3 Kg4 60. Kg2 Qc6+ 61. Kh2 Qc2 62. Kg2
Kf4 63. Rh3 Qc6+ 64. Kh2 Qd5 65. Re3 Qd2 66. Kg2 Qxe3 67. fxe3+ Kxe3 68. b4
axb4 69. a5 b3 70. a6 b2 71. a7 b1=Q 72. a8=Q Qg6+ 73. Kh1 h3 74. Qa3+ Kf2
75. Qb2+ 1/2-1/2

[Event "FIDE World Rapid Team"]
[Site "London ENG"]
[Date "2025.06.13"]
[Round "9.7"]
[White "Bilguun, Sumiya"]
[Black "Kiremitciyan, Ari"]
[Result "1-0"]
[WhiteElo "2438"]
[BlackElo "2165"]
[EventDate "2025.06.11"]
[Board "2"]

1. e4 c6 2. d4 d5 3. Nd2 dxe4 4. Nxe4 Nd7 5. Bd3 Ngf6 6. Ng5 h6 7. Ne6 Qb6
8. Nf3 c5 9. Nxf8 Nxf8 10. dxc5 Qxc5 11. O-O Ne6 12. Re1 O-O 13. Ne5 Nd7
14. Ng4 Nf6 15. Nxf6+ exf6 16. Qf3 Rd8 17. Be3 Qc7 18. Rad1 Bd7 19. Bxh6
gxh6 20. Qxf6 Ng7 21. Re7 Rf8 22. Bg6 1-0

[Event "FIDE World Rapid Team"]
[Site "London ENG"]
[Date "2025.06.13"]
[Round "9.7"]
[White "Stepanyan, Henrik"]
[Black "Batkhuyag, Munguntuul"]
[Result "0-1"]
[WhiteElo "2140"]
[BlackElo "2291"]
[EventDate "2025.06.11"]
[Board "3"]

1. d4 d5 2. c4 e6 3. Nf3 Nf6 4. Nc3 c6 5. e3 Nbd7 6. Bd3 dxc4 7. Bxc4 b5 8.
Bb3 Bb7 9. O-O b4 10. Na4 c5 11. Qe2 Rc8 12. dxc5 Nxc5 13. Nxc5 Bxc5 14.
Ba4+ Ke7 15. e4 Bxe4 16. Rd1 Qa5 17. Bb3 h6 18. Nd2 Bb7 19. Nc4 Qc7 20. Ne5
Rhd8 21. Bf4 Qb6 22. Re1 Ne4 23. Bg3 Rd2 24. Qh5 Bxf2+ 25. Kh1 g6 26. Nxg6+
fxg6 27. Qxg6 Rf8 28. Rxe4 Bxe4 29. Qxe4 Bxg3 30. hxg3 Rd4 31. Qe5 Qd6 32.
Qe3 Rf6 33. Re1 a5 34. Rc1 Kf7 35. Re1 Ke7 36. Rc1 Rg6 37. Re1 Qxg3 38.
Qxg3 Rxg3 39. Rxe6+ Kd7 40. Rxh6 Rd2 41. Rh5 Rgxg2 42. Rxa5 Rge2 43. Rd5+
Rxd5 44. Bxd5 Kd6 45. Bb3 Rxb2 46. Kg1 Kc5 47. Kf1 Kd4 48. Ke1 Kc3 49. Bf7
Rd2 50. Bg8 Rd7 51. Bb3 Kb2 52. Ke2 Ra7 53. Kd2 Rxa2 0-1

[Event "FIDE World Rapid Team"]
[Site "London ENG"]
[Date "2025.06.13"]
[Round "9.7"]
[White "Mungunzul, Bat-Erdene"]
[Black "Zakarian, Dimitrios Levon"]
[Result "1-0"]
[WhiteElo "2285"]
[BlackElo "2033"]
[EventDate "2025.06.11"]
[Board "4"]

1. d4 Nf6 2. c4 e6 3. Nf3 b6 4. g3 Bb7 5. Bg2 Be7 6. O-O O-O 7. Nc3 Ne4 8.
Bd2 Na6 9. Rc1 Nxc3 10. Bxc3 d5 11. Ne5 Rc8 12. cxd5 exd5 13. Bh3 Ra8 14.
Qd2 c5 15. Rfd1 Bd6 16. Bg2 Qe7 17. Ng4 Rad8 18. Ne3 Nc7 19. dxc5 Bxc5 20.
Nf5 Qd7 21. Bh3 Qc6 22. Bxg7 d4 23. Ne7+ 1-0

[Event "FIDE World Rapid Team"]
[Site "London ENG"]
[Date "2025.06.13"]
[Round "9.7"]
[White "Grigoryan, Meri"]
[Black "Sodbilegt, Naranbold"]
[Result "0-1"]
[WhiteElo "1908"]
[BlackElo "1946"]
[EventDate "2025.06.11"]
[Board "5"]

1. d4 Nf6 2. Nf3 e6 3. Bf4 d5 4. e3 c5 5. Nc3 a6 6. Be2 Nc6 7. O-O Bd6 8.
Bxd6 Qxd6 9. Na4 c4 10. Nb6 Rb8 11. b3 c3 12. a3 Ne4 13. Qd3 Qc7 14. Nxc8
Rxc8 15. b4 O-O 16. Rfb1 b5 17. g3 Qd6 18. Bf1 Rfd8 19. Rd1 Nb8 20. Bh3 Nd7
21. Ne1 Nb6 22. f3 Nd2 23. Bg2 Rc7 24. f4 Ra8 25. Nf3 Nxf3+ 26. Bxf3 Rc4
27. e4 dxe4 28. Bxe4 Rd8 29. d5 Nxd5 30. Bxh7+ Kf8 31. Be4 Qb6+ 32. Kh1 Ke7
33. Bxd5 Rxd5 34. Qh7 Rd2 35. Qh4+ f6 36. Rxd2 cxd2 37. Qh7 Qc6+ 38. Kg1
Kf7 39. Qh5+ Kg8 40. Qe2 Rxc2 41. Rd1 Qd5 42. Qh5 0-1

[Event "FIDE World Rapid Team"]
[Site "London ENG"]
[Date "2025.06.13"]
[Round "9.7"]
[White "Enkhbayar, Genden"]
[Black "Mesropyan, Hayk"]
[Result "0-1"]
[WhiteElo "1837"]
[BlackElo "1932"]
[EventDate "2025.06.11"]
[Board "6"]

1. d4 d5 2. Nf3 Nf6 3. c4 e6 4. Nc3 Be7 5. Bg5 O-O 6. e3 h6 7. Bh4 b6 8.
Rc1 Bb7 9. b3 g5 10. Bg3 Bb4 11. Bd3 Ne4 12. Bxe4 dxe4 13. Nd2 c5 14. dxc5
Qd3 15. Qc2 Rd8 16. Qxd3 Rxd3 17. Ndb1 bxc5 18. Ke2 Nd7 19. Rhd1 f5 20. f3
Nf6 21. Be5 Kf7 22. Bxf6 Rxd1 23. Rxd1 exf3+ 24. gxf3 Kxf6 25. Rd7 Rb8 26.
Na4 g4 27. fxg4 fxg4 28. a3 Bf3+ 29. Kf2 Ba5 30. Nxc5 Bb6 31. Na6 Rb7 32.
Rd2 Bxe3+ 33. Kxe3 Rxb3+ 34. Kf4 e5+ 35. Kg3 Bb7+ 36. Kf2 Rxb1 37. Nc5 Bf3
38. Rd6+ Kf5 39. Nd3 Rd1 40. Ke3 Be4 41. c5 Rxd3+ 42. Rxd3 Bxd3 43. Kxd3 h5
44. c6 Ke6 45. Ke4 h4 46. c7 Kd7 47. Kxe5 g3 48. hxg3 hxg3 0-1

[Event "FIDE World Rapid Team"]
[Site "London ENG"]
[Date "2025.06.13"]
[Round "9.8"]
[White "Rakotomaharo, Fy Antenaina"]
[Black "Eilenberg, Jonas"]
[Result "1-0"]
[WhiteElo "2404"]
[BlackElo "2279"]
[EventDate "2025.06.11"]
[Board "1"]

1. e4 e5 2. Nf3 Nc6 3. Bb5 a6 4. Ba4 Nf6 5. d3 b5 6. Bb3 Be7 7. O-O d6 8.
c3 O-O 9. Re1 Na5 10. Bc2 c5 11. Nbd2 Nc6 12. Nf1 Re8 13. Bg5 Be6 14. Ne3
d5 15. Bxf6 Bxf6 16. exd5 Bxd5 17. Nxd5 Qxd5 18. Bb3 Qd7 19. Qe2 Rad8 20.
Rad1 Na5 21. Bc2 g6 22. Qe3 Rc8 23. Ng5 Bg7 24. Qg3 h6 25. Nf3 Nc6 26. h4
Qf5 27. Re2 Qf4 28. Qh3 Rcd8 29. Rde1 e4 30. dxe4 b4 31. Re3 bxc3 32. bxc3
Ne5 33. Nxe5 Qxe5 34. Bb3 Rd2 35. Rf3 Re7 36. Qc8+ Bf8 37. Qxa6 Kg7 38. Qc4
Re6 39. Rxf7+ Kxf7 40. f4 Qd6 41. f5 Ke7 42. Qxe6+ Qxe6 43. fxe6 Kd8 44.
Rd1 Rxd1+ 45. Bxd1 Bd6 46. h5 1-0

[Event "FIDE World Rapid Team"]
[Site "London ENG"]
[Date "2025.06.13"]
[Round "9.8"]
[White "Yatskar, Martin"]
[Black "Wanyama, Harold"]
[Result "1-0"]
[WhiteElo "2223"]
[BlackElo "2246"]
[EventDate "2025.06.11"]
[Board "2"]

1. d4 d5 2. c4 e6 3. Nc3 Be7 4. Nf3 Nf6 5. Bg5 h6 6. Bh4 O-O 7. e3 b6 8.
cxd5 Nxd5 9. Bxe7 Qxe7 10. Be2 Bb7 11. O-O Nd7 12. Qb3 c5 13. Qa3 Nb4 14.
Rac1 cxd4 15. exd4 Nf6 16. Ne5 Rfd8 17. Nb5 Nfd5 18. Bf3 a6 19. Nc3 Nf4 20.
g3 Bxf3 21. Nxf3 Nfd3 22. Rcd1 Qb7 23. d5 exd5 24. Nd4 a5 25. Nce2 Nc5 26.
Nf4 Re8 27. Qf3 Ne4 28. a3 Ng5 29. Qg4 Nc6 30. h4 Ne5 31. Qh5 Ne4 32. Rfe1
Rad8 33. Kg2 g6 34. Qe2 Nc4 35. Qc2 Rc8 36. Qb1 b5 37. Re2 b4 38. a4 Rcd8
39. Rde1 Qb6 40. Qd3 Re5 41. b3 Ncd6 42. Rc1 Nf5 43. Nc6 Rde8 44. Nxe5 Rxe5
45. Rc8+ Kh7 46. h5 gxh5 47. Nxd5 Qb7 48. Rc7 Qa8 49. Rxf7+ Kg6 50. Rxf5
Kxf5 51. Rxe4 Rxe4 52. f3 Qe8 53. Ne3+ Kg5 54. Qxe4 Qd7 55. Nd5 Qf7 56. f4+
1-0

[Event "FIDE World Rapid Team"]
[Site "London ENG"]
[Date "2025.06.13"]
[Round "9.8"]
[White "George Samir, David"]
[Black "Kunz, Andre"]
[Result "1-0"]
[WhiteElo "2234"]
[BlackElo "2128"]
[EventDate "2025.06.11"]
[Board "3"]

1. e4 c6 2. d4 d5 3. e5 c5 4. Nf3 Nc6 5. dxc5 Bg4 6. Bb5 e6 7. Be3 Ne7 8.
h3 Bxf3 9. Qxf3 Qc7 10. O-O Qxe5 11. Nc3 Qf6 12. Qg3 O-O-O 13. Bxc6 bxc6
14. Bf4 Ng6 15. Bg5 Qe5 16. Bxd8 Kxd8 17. Qxe5 Nxe5 18. b4 g6 19. Rab1 Nc4
20. Rfd1 Bg7 21. Ne2 Kc7 22. Rb3 Rb8 23. c3 a6 24. Ng3 Bh6 25. Nf1 e5 26.
a4 Bf8 27. Rbb1 Na3 28. Ra1 Nc4 29. Nd2 Nxd2 30. Rxd2 f5 31. f3 Bg7 32. Rc2
d4 33. cxd4 Rxb4 34. dxe5 Bxe5 35. Re1 Bf6 36. Re6 Bg5 37. Re8 Rxa4 38. Rh8
Be3+ 39. Kf1 Kd7 40. Ke2 f4 41. Rxh7+ Ke6 42. Rc7 Ra1 43. Rxc6+ Kf5 44. Rc8
a5 45. c6 Rg1 46. c7 1-0

[Event "FIDE World Rapid Team"]
[Site "London ENG"]
[Date "2025.06.13"]
[Round "9.8"]
[White "Stein, Theodor"]
[Black "Mhango, Banele"]
[Result "0-1"]
[WhiteElo "1933"]
[BlackElo "2136"]
[EventDate "2025.06.11"]
[Board "4"]

1. Nf3 g6 2. e4 Bg7 3. d4 d6 4. c3 Nc6 5. Bb5 Bd7 6. O-O e5 7. Re1 Nge7 8.
dxe5 dxe5 9. Bg5 h6 10. Bh4 a6 11. Ba4 b5 12. Bb3 Na5 13. Bd5 c6 14. Bb3
Qc7 15. Bxe7 Kxe7 16. Qd3 Rhd8 17. Qe3 Qa7 18. Qe2 Kf8 19. h3 Kg8 20. Na3
Nxb3 21. axb3 a5 22. Red1 Be6 23. c4 b4 24. Nc2 Qc7 25. Nce1 Bf8 26. Nd3 f6
27. Nh4 Kh7 28. Qe3 Qa7 29. Qg3 Bf7 30. Kh1 Qc7 31. Qe3 Qa7 32. Qf3 Qe7 33.
Qg4 h5 34. Qe2 Bh6 35. Ne1 Rxd1 36. Qxd1 Rd8 37. Qf3 Bg5 38. Qg3 Rd2 39.
Nhf3 Bf4 40. Qh4 g5 41. Nxd2 gxh4 42. Ndf3 Bg6 43. Rxa5 Bxe4 44. Nxh4 Bg5
45. Nhf3 Bc1 46. Kg1 Bxb2 47. Nd2 Bg6 48. Nef3 e4 49. Nh4 e3 50. Nxg6 Kxg6
51. Nf3 e2 52. Nh4+ Kf7 53. Nf5 e1=Q+ 54. Kh2 Q7e5+ 55. Rxe5 Bxe5+ 0-1

[Event "FIDE World Rapid Team"]
[Site "London ENG"]
[Date "2025.06.13"]
[Round "9.8"]
[White "Quickpen, Deborah Ebimobo-Ere"]
[Black "Ho, Ngoc Hai-Dang"]
[Result "1-0"]
[WhiteElo "2077"]
[BlackElo "1981"]
[EventDate "2025.06.11"]
[Board "5"]

1. e4 e5 2. Nf3 Nc6 3. Bc4 Bc5 4. d3 Nf6 5. O-O d6 6. c3 Bb6 7. h3 h6 8.
Be3 O-O 9. Bb3 Ne7 10. Nbd2 Ng6 11. a4 c6 12. Nc4 Bc7 13. Qd2 Nh7 14. d4
Qf6 15. dxe5 dxe5 16. Qe2 Ng5 17. Nxg5 hxg5 18. Kh2 Nf4 19. Bxf4 gxf4 20.
Nd2 g6 21. Rad1 Kg7 22. Rh1 Rh8 23. Kg1 g5 24. Nf1 Rh4 25. Nh2 Qh6 26. Nf3
Rh5 27. Nh2 Rh4 28. Nf3 Rh5 29. Nh2 Rh4 30. f3 Bb6+ 31. Kf1 Be3 32. Ng4
Bxg4 33. fxg4 Qh8 34. Rd7 Rd8 35. Qd3 Bb6 36. Rxf7+ Kg6 37. Rd7 Rxd7 38.
Qxd7 Qf6 39. Ke2 Rh8 40. Be6 Kh6 41. Bf5 Bd8 42. Rd1 Be7 43. Qxb7 a5 44.
Rd7 Re8 45. Rc7 Kg7 46. Rxc6 Rb8 47. Qxb8 Qxc6 48. Qxe5+ Bf6 49. Qxa5 Qb7
50. Qb5 Qa7 51. Qd7+ Qxd7 52. Bxd7 Kf7 53. a5 Ke7 54. a6 1-0

[Event "FIDE World Rapid Team"]
[Site "London ENG"]
[Date "2025.06.13"]
[Round "9.1"]
[White "Sava, Robert-Gabriel"]
[Black "D`costa, Lorin"]
[Result "0-1"]
[WhiteElo "2132"]
[BlackElo "2378"]
[EventDate "2025.06.11"]
[Board "1"]

1. b4 d5 2. Bb2 Bg4 3. Nf3 Bxf3 4. exf3 e6 5. Be2 Nf6 6. b5 g6 7. O-O Bg7
8. f4 O-O 9. d3 a6 10. a4 c6 11. Nd2 Ne8 12. Bxg7 Kxg7 13. Nf3 Qf6 14. g3
Nd6 15. Ne5 axb5 16. axb5 Rxa1 17. Qxa1 Nxb5 18. c4 Nd6 19. c5 Nb5 20. d4
Qe7 21. Rb1 f6 22. Nf3 Rf7 23. Bxb5 cxb5 24. Rxb5 Nc6 25. Kg2 h6 26. h4 g5
27. Qb2 gxf4 28. gxf4 Kh8 29. Kf1 Rg7 30. Qa1 Qf7 31. Ke2 Qg6 32. Qa8+ Rg8
33. Qxb7 0-1

[Event "FIDE World Rapid Team"]
[Site "London ENG"]
[Date "2025.06.13"]
[Round "9.1"]
[White "Wu, Li"]
[Black "Rusu, Lucas"]
[Result "1-0"]
[WhiteElo "2270"]
[BlackElo "2130"]
[EventDate "2025.06.11"]
[Board "2"]

1. c4 c5 2. Nf3 Nc6 3. Nc3 g6 4. e3 Bg7 5. d4 cxd4 6. exd4 d6 7. Be2 Bg4 8.
Be3 Nf6 9. h3 Bxf3 10. Bxf3 O-O 11. O-O Qd7 12. Rc1 Rfc8 13. b3 b6 14. Qd2
Rab8 15. Rfd1 Na5 16. Qe2 h6 17. c5 d5 18. b4 Nb7 19. Bf4 Ra8 20. Qb5 Rc6
21. Be5 a6 22. Qa4 bxc5 23. dxc5 e6 24. Bxf6 Bxf6 25. Nxd5 exd5 26. Bxd5
Rac8 27. Bxc6 Qxc6 28. Qxc6 Rxc6 29. Rd7 Nd8 30. a4 Ne6 31. Rd6 Rc7 32.
Rxa6 Nd4 33. Rc4 Be5 34. b5 Rd7 35. Kf1 Nb3 36. Ke2 Nd4+ 37. Ke1 Re7 38.
Kd1 Rd7 39. Rd6 Rxd6 40. cxd6 Ne6 41. Rc8+ Kg7 42. d7 Bf6 43. b6 Nd8 44.
Rxd8 Bxd8 45. b7 1-0

[Event "FIDE World Rapid Team"]
[Site "London ENG"]
[Date "2025.06.13"]
[Round "9.1"]
[White "Badescu, Matei-Andrei"]
[Black "Cumming, Rhys"]
[Result "0-1"]
[WhiteElo "1961"]
[BlackElo "2223"]
[EventDate "2025.06.11"]
[Board "3"]

1. e4 e5 2. Nf3 Nc6 3. Bc4 Nf6 4. d3 Bc5 5. c3 O-O 6. O-O d5 7. exd5 Nxd5
8. Nbd2 Nb6 9. Bb5 Bd6 10. Re1 Bg4 11. h3 Bh5 12. Qb3 Kh8 13. Bxc6 bxc6 14.
Nxe5 Re8 15. d4 f6 16. Nef3 Rxe1+ 17. Nxe1 Qe7 18. Ndf3 Re8 19. Bd2 c5 20.
Be3 c4 21. Qb5 Bf7 22. Nd2 c6 23. Qxc6 Bd5 24. Qb5 f5 25. Ndf3 f4 26. Bd2
Rc8 27. b4 Qb7 28. Qa5 h6 29. Qa3 g5 30. Qc1 Re8 31. a4 Be4 32. a5 Nd5 33.
a6 Qg7 34. Nh2 h5 35. f3 Bf5 36. Ra5 Qf7 37. Qa1 Bc7 38. Rc5 Bb6 39. Rc6
Bd7 40. Rxb6 Nxb6 41. h4 Re2 42. Qc1 gxh4 43. Bxf4 Rxe1+ 44. Qxe1 Qxf4 45.
Nf1 Nd5 46. Nd2 Nxc3 47. Nxc4 Qxd4+ 48. Qe3 Qxc4 49. Qxa7 Ne2+ 50. Kf2 Qd4+
51. Qxd4+ Nxd4 52. g3 hxg3+ 53. Kxg3 Kg7 54. Kh4 Kh6 55. f4 Nb5 0-1

[Event "FIDE World Rapid Team"]
[Site "London ENG"]
[Date "2025.06.13"]
[Round "9.1"]
[White "Navrotescu, Andreea"]
[Black "Sava, Christiansen-Danut-Eugen"]
[Result "1-0"]
[WhiteElo "2195"]
[BlackElo "1971"]
[EventDate "2025.06.11"]
[Board "4"]

1. d4 d5 2. c4 c6 3. Nf3 Nf6 4. Nc3 a6 5. g3 e6 6. Bg2 Bd6 7. O-O O-O 8.
Qc2 Nbd7 9. Nd2 e5 10. dxe5 Nxe5 11. cxd5 cxd5 12. Nxd5 Nxd5 13. Bxd5 Bh3
14. Bg2 Rc8 15. Qb3 Bxg2 16. Kxg2 b5 17. Ne4 Bb8 18. Bg5 Qb6 19. Rfd1 Qb7
20. f3 h6 21. Be3 Ng4 22. Bg1 Rfe8 23. Rd2 Rc4 24. Rad1 f5 25. Rd8 Qc6 26.
R1d7 Kh7 27. Rxe8 Qxd7 28. Rxb8 fxe4 29. fxg4 Qd2 30. Qe3 Qd6 31. Rb7 Qg6
32. h3 Qc6 33. Ra7 Rc2 34. b3 Qe6 35. Bf2 Rxa2 36. Qd4 Qg6 37. Kf1 h5 38.
gxh5 1-0

[Event "FIDE World Rapid Team"]
[Site "London ENG"]
[Date "2025.06.13"]
[Round "9.1"]
[White "Badescu, Eliza-Ioana"]
[Black "Russell, Christopher"]
[Result "0-1"]
[WhiteElo "1789"]
[BlackElo "2082"]
[EventDate "2025.06.11"]
[Board "5"]

1. e4 e6 2. d4 d5 3. e5 c5 4. c3 Nc6 5. Nf3 Bd7 6. Be2 Nge7 7. Na3 cxd4 8.
cxd4 Nf5 9. Nc2 Be7 10. O-O O-O 11. Bd3 f6 12. Bxf5 exf5 13. Re1 Be8 14.
Bf4 g5 15. exf6 Bxf6 16. Be5 Bh5 17. Bxf6 Qxf6 18. Qd3 Rae8 19. Qb3 Bxf3
20. Qxf3 Re4 21. Rxe4 dxe4 22. Qb3+ Qf7 23. Qxf7+ Kxf7 24. Rd1 Rd8 25. Kf1
Kf6 26. Ke2 Ne7 27. Ne3 h5 28. f3 f4 29. Nc2 e3 30. g3 Kf5 31. gxf4 gxf4
32. Rg1 Nc6 33. Kd3 Ne5+ 34. Ke2 Ng6 35. Kd3 Rd7 36. Ke2 Rc7 37. Kd3 Nh4
38. Ne1 Rc1 39. Ke2 Rb1 40. d5 Rxb2+ 41. Kd3 Rxa2 42. Kc4 Ra1 43. Kc5 e2
44. d6 Ke6 45. h3 b6+ 46. Kc6 Rc1+ 47. Kb7 Kxd6 48. Kxa7 b5 49. Ka6 b4 50.
Kb5 b3 51. Ka4 b2 52. Rg8 b1=Q 53. Rd8+ Ke7 54. Rd2 Rxe1 55. Ka3 Qc1+ 56.
Rb2 Rd1 57. Ka2 Rd2 58. Rxd2 Qxd2+ 59. Ka3 Kd6 60. Kb3 Kc5 61. Ka3 Kc4 62.
Ka4 Qb4# 0-1

[Event "FIDE World Rapid Team"]
[Site "London ENG"]
[Date "2025.06.13"]
[Round "9.1"]
[White "Mihailidou, Magdalini"]
[Black "Platschek, Luca"]
[Result "0-1"]
[WhiteElo "1822"]
[BlackElo "1827"]
[EventDate "2025.06.11"]
[Board "6"]

1. e4 a6 2. d4 b5 3. g3 Bb7 4. Bg2 e6 5. Ne2 Nf6 6. Nd2 c5 7. O-O Be7 8. b3
d5 9. e5 Nfd7 10. c3 Nc6 11. f4 b4 12. Bb2 bxc3 13. Bxc3 cxd4 14. Nxd4 Bc5
15. Nf3 O-O 16. Kh1 Nxd4 17. Nxd4 Qb6 18. Qd3 a5 19. Qd2 Ba6 20. Bxa5 Qxa5
21. Qxa5 Bxf1 22. Qd2 Bxg2+ 23. Kxg2 Bxd4 24. Qxd4 Rfc8 25. Qd2 Nc5 26. Rc1
Ne4 27. Qa5 Rcb8 28. Qc7 Rxa2+ 29. Kg1 Rf8 30. b4 Nd2 31. Qc3 Nc4 32. b5 g6
33. Rb1 Rb8 34. Qb4 Ne3 35. Qd6 Rg2+ 36. Kh1 Ra8 37. Rc1 Rc2 38. Rxc2 Ra1+
39. Rc1 Rxc1# 0-1

[Event "FIDE World Rapid Team"]
[Site "London ENG"]
[Date "2025.06.13"]
[Round "9.2"]
[White "Eren, Ataberk"]
[Black "Schneider, Ilja"]
[Result "0-1"]
[WhiteElo "2195"]
[BlackElo "2429"]
[EventDate "2025.06.11"]
[Board "1"]

1. d4 Nf6 2. c4 e6 3. Nc3 Bb4 4. e3 O-O 5. Bd3 d5 6. a3 Bxc3+ 7. bxc3 dxc4
8. Bxc4 c5 9. Ne2 Qc7 10. Ba2 b5 11. O-O Bb7 12. Ng3 Nbd7 13. Bb2 Nb6 14.
Qe2 Nc4 15. a4 Nxb2 16. Qxb2 bxa4 17. Bb1 Rab8 18. Qa3 Qc6 19. e4 Ba6 20.
Re1 cxd4 21. cxd4 Rfd8 22. d5 exd5 23. Nf5 Qe6 24. e5 Ne4 25. Bxe4 dxe4 26.
Nd6 Qxe5 27. Nxe4 Re8 28. Qxa4 Re6 29. Qd1 Bb7 30. Ng3 Qxe1+ 31. Qxe1 Rxe1+
32. Rxe1 Ra8 33. Nf5 a5 34. Nd6 Bd5 35. Nb5 Bb3 36. f4 Kf8 37. Kf2 a4 38.
Na3 Rc8 39. Re5 Rc1 40. Ra5 g6 41. g4 Rc3 42. Nb5 Rc5 43. Ra8+ Kg7 44. Nd6
Kh6 45. Kg3 f6 46. h4 Rc3+ 47. Kf2 Rf3+ 48. Kxf3 Bd5+ 49. Kg3 Bxa8 50. Ne8
g5 51. Nxf6 gxh4+ 52. Kxh4 a3 53. f5 Kg7 54. Ne8+ Kf8 0-1

[Event "FIDE World Rapid Team"]
[Site "London ENG"]
[Date "2025.06.13"]
[Round "9.2"]
[White "Fromm, Marius"]
[Black "Makaraci, Tunahan"]
[Result "1/2-1/2"]
[WhiteElo "2320"]
[BlackElo "2151"]
[EventDate "2025.06.11"]
[Board "2"]

1. e4 c5 2. Nf3 d6 3. Bb5+ Nc6 4. O-O Bd7 5. Re1 Nf6 6. c3 a6 7. Bf1 Bg4 8.
h3 Bxf3 9. Qxf3 g6 10. d3 Bg7 11. Be3 O-O 12. Nd2 Nd7 13. Qd1 b5 14. Nf3 b4
15. d4 Qa5 16. Qc2 bxc3 17. bxc3 Rfc8 18. d5 Nce5 19. Nxe5 Nxe5 20. Rab1
Rab8 21. c4 Nd7 22. Bd2 Qc7 23. Rxb8 Rxb8 24. Rb1 Rxb1 25. Qxb1 Qb6 26. Qb3
Qxb3 27. axb3 Bd4 28. g3 Nf6 29. Bd3 Kf8 30. Kg2 Ke8 31. f4 Nd7 32. Kf3 f6
33. h4 Kf7 34. Bf1 e6 35. dxe6+ Kxe6 36. Bh3+ Ke7 37. Bg4 Bb2 38. Bxd7 Kxd7
39. g4 Bd4 40. f5 Ke7 41. Bf4 Be5 42. Bxe5 dxe5 43. fxg6 hxg6 44. Ke3 Ke6
45. Kd3 Kf7 46. Kc3 a5 47. Kd3 Ke6 48. Ke3 Kf7 49. Kf3 Ke6 50. Kg2 Kf7 51.
Kg3 Ke6 52. Kh2 Kf7 53. Kg2 Ke6 54. Kf2 Kf7 55. Kg3 Ke6 56. h5 Kf7 57. Kh4
g5+ 58. Kg3 Kg7 59. Kf3 Kf7 60. Ke3 Kg7 61. Kd3 Kf7 62. Kc2 Kg7 63. Kb2 Kf7
64. Kc2 1/2-1/2